Nguyên lý kế toán : Lý thuyết và bài tập (Đã cập nhật chế độ kế toán tài chính mới nhất)

Sách gồm 32 ví dụ ứng dụng giải chi tiết, 80 câu hỏi ôn tập lý thuyết, 40 bài tập tự giải và 80 bài tập thực hành

Uloženo v:
Podrobná bibliografie
Hlavní autor: Phan, Đức Dũng
Médium: Kniha
Jazyk:Undetermined
Vydáno: Hà Nội Lao động - Xã hội 2014
Témata:
Tagy: Přidat tag
Žádné tagy, Buďte první, kdo otaguje tento záznam!
Thư viện lưu trữ: Trung tâm Học liệu Trường Đại học Cần Thơ
LEADER 00945nam a2200229Ia 4500
001 CTU_204146
008 210402s9999 xx 000 0 und d
020 |c 86000 
082 |a 657.076 
082 |b D513 
100 |a Phan, Đức Dũng 
245 0 |a Nguyên lý kế toán : 
245 0 |b Lý thuyết và bài tập (Đã cập nhật chế độ kế toán tài chính mới nhất) 
245 0 |c Phan Đức Dũng 
260 |a Hà Nội 
260 |b Lao động - Xã hội 
260 |c 2014 
520 |a Sách gồm 32 ví dụ ứng dụng giải chi tiết, 80 câu hỏi ôn tập lý thuyết, 40 bài tập tự giải và 80 bài tập thực hành 
650 |a Accounting,Kế toán 
650 |x Problems, exercises, etc.,Câu hỏi, Bài tập,v.v.. 
904 |i Trọng Hải 
980 |a Trung tâm Học liệu Trường Đại học Cần Thơ